01539nam a2200217 i 4500003000900000005001700009007000300026008004100029020001500070040003000085082001300115100004000128245004700168264003900215300002900254336002700283337003400310338002800344500002300372520092600395DO-SdBNP20240906104949.0ta240906s1997 fr 000 j spa d a2253146102 aDO-SdBNPbspacBNPHUerda bC4922221 aChâtelet, Noëlled1944-eautora13aLa femme coquelicot /cNoëlle Châtelet 1aFrancia :bEdiciones Stock,c1997. a151 páginas, c18 cm. 2rdacontentatextobtxt 2rdamediaasin mediación bn 2rdacarrieravolumenbnc aLibro de bolsillo. aMarthe tiene setenta años. Se podría creer que ésta ya no es la época de las pasiones. Sin embargo, se permitirá vivirlo con Félix, el hombre de los pañuelos multicolores, diez años mayor que ella... Una pasión hecha de la maravilla de las almas y también de la de los cuerpos. Todo lo que no le ha dado una larga vida como esposa y madre. Los hijos y los nietos, que rápidamente la habían puesto bajo el título de "años mayores" y "pastel de abuela", tendrán que presenciar la metamorfosis de Marthe en esta mujer amapola , radiante y frágil, llena de alegría de amar y de ser amada. Es un tema tabú sobre el que el novelista de La mujer de azul levanta aquí el velo, en una época en la que se dice que la vejez es una vergüenza o una derrota. Lo trata con gracia, emoción y también humor, lo que le ha valido una entusiasta acogida por parte de la crítica y el público.